000 01376nam a2200337 c 4500
003 BLK
005 20240522124651.0
008 180409b bul|||||r ||||||| ||bul||
010 _aKNG00136495000
020 _a978-954-28-0949-4
_bиздат.: Ciela Soft and Publ.
040 _aBLK
041 _aBUL
_cBUL
072 7 _2bullib
_aН84
_xБългарска художествена литература Н
080 _aБългарска литература
_b821.163.2
_x-312.6
_z821.163.2-312.6
700 1 _aТрифонов, Емил Благовест
_e*
_9292426
100 1 _aТрифонов-Кембълът, Емил
_eпърви автор
_9322372
139 _aТрифонов, Емил Благовест
_bТ 84
245 1 0 _aКембълът
_bНещо за четене - 3 : Лов стори
_c* Емил Благовест Трифонов; Емил Трифонов-Кембълът.
257 _aBGR
260 София
_bCiela Soft and Publ.
_c2011
300 _a296 с., 4 л.
_bс ил.
_c21 см
380 _aX
500 _aКембълът - псевд. на Емил Благовест Трифонов.
659 _aН
852 _aЦб 256923
856 4 _qpdf
_u
856 4 _qpdf
_u
942 _cKNG
_n0
_03
944 _aCR
_c27.11.2012
_k30531
_lЦветелина Шанова
944 _aED
_c14.03.2013
_k
999 _c130707
_d130707